000 00393nam a2200169 a 4500
005 20140414131917.0
008 030210s19uu xx 00 eng d
050 _aER
_bL72 1999
100 _a
245 _aLittle Bo-Peep and friends.
260 _aLondon :
_bHamlyn,
_c1985.
300 _a
440 _aNursery Rhyme Board Books
650 _a
999 _c111537
_d111537